000 00632nam a2200193Ii 4500
003 JO-AjNU
008 230605s9999||||xx |||||||||||||| ||und||
040 _aJO-AjNU
_bara
_erda
_cJO-AjNU
041 _aara
050 1 4 _aHF5655
100 3 _aاعداد البطاينه، احمد الطويل,
_eauthor
_963484
245 0 0 _aاساسيات المحاسبة
264 3 1 _aالاردن/عمان: مكتبة اضواء الجزيرة، د.ت
300 _a114ص
336 _atext
_btxt
_2rdacontent
337 _aunmediated
_bn
_2rdamedia
338 _avolume
_bnc
_2rdacarrier
650 4 _aالمحاسبة-اساسيات
_963485
999 _aA28800
_c32368
_d32368